000 00576nam a2200193Ia 4500
008 140626s9999 xx 000 0 und d
100 _aRummer, Ralf.
245 4 _aThe perceptual basis of modality effect in multimedia learning /
_cRalf Rummer ... [et al.].
260 _cc2011.
300 _a17 : 2, page 159
440 _aJournal of Experimental Psycholgy : Applied
521 _aPSYCH
650 _aModality effect.
650 _aMultimedia learning.
650 _aSensory memory.
650 _aTemporal contiguity.
650 _aWorking memory.
942 _cSE
999 _c121314
_d121314